| 000 | 00000nam 2200000za 4500 |
| 001 | 9.852703 |
| 003 | CaOODSP |
| 005 | 20221107154640 |
| 007 | cr ||||||||||| |
| 008 | 180301m19561973oncb #o f000 0 eng d |
| 040 | |aCaOODSP|beng |
| 043 | |an-cn--- |
| 086 | 1 |aR32-450/1956E-PDF |
| 245 | 00|aOld Crow |h[electronic resource] : |bgeneral information. |
| 260 | |a[Ottawa?] : |bDepartment of DIAND, |c1956-1973. |
| 300 | |a1 v. (various pagings) : |bmaps |
| 500 | |aTitle from cover. |
| 500 | |aDigitized edition from print [produced by Indigenous and Northern Affairs Canada]. |
| 520 | |aCopies of various historical documents, letters, and maps related to the Old Crow Indian settlement reserve. |
| 692 | 07|2gccst|aAboriginal reserves |
| 692 | 07|2gccst|aLand claims |
| 692 | 07|2gccst|aCanadian history |
| 710 | 1 |aCanada. |bIndian and Northern Affairs Canada. |
| 856 | 40|qPDF|s11.76 MB|uhttps://publications.gc.ca/collections/collection_2018/aanc-inac/R32-450-1956-eng.pdf |